[Event "ch-EU"]
[Site "Cork IRL"]
[Date "2005.03.26"]
[Round "5"]
[White "Howell,D"]
[Black "Medvegy,Z"]
[Result "0-1"]
[WhiteElo "2348"]
[BlackElo "2467"]

1.e4 c5 2.c3 Nf6 3.e5 Nd5 4.d4 cxd4 5.Nf3 e6 6.cxd4 d6 7.Bd3 Nb4 8.Bg5 Be7
9.Bxe7 Qxe7 10.Nc3 Nxd3+ 11.Qxd3 Bd7 12.Nb5 Bxb5 13.Qxb5+ Qd7 14.Qxd7+ Nxd7
15.exd6 Nb6 16.Rc1 Nd5 17.Ne5 f6 18.Nc4 Rc8 19.Ke2 Kd7 20.a3 Rc6 21.Na5 Rxc1
22.Rxc1 Rb8 23.g3 Kxd6 24.Nc4+ Kd7 25.Ne3 Ne7 26.Kd3 Rc8 27.Rd1 Rc6 28.h4 b5
29.Ke4 Kd6 30.g4 g6 31.g5 f5+ 32.Kd3 a6 33.Rh1 Nd5 34.Nxd5 Kxd5 35.Re1 Rc4
36.Re5+ Kd6 37.Re1 Rc7 38.Rh1 e5 39.f3 Rc4 40.dxe5+ Kxe5 41.Ke3 b4 42.Kd3 Rd4+
43.Ke3 bxa3 44.bxa3 Ra4 45.Kf2 Rxa3 46.Kg3 Rc3 47.Rb1 Rc7 48.Ra1 Ra7 49.Ra5+ Kd4
50.Kf4 Kc4 51.Ke3 Kb4 52.Ra1 a5 53.Kd3 a4 54.Rb1+ Kc5 55.Kc2 a3 56.Rc1 Kd4
57.Kb1 a2+ 58.Ka1 Kd3  0-1

[Event "ch-EU"]
[Site "Cork IRL"]
[Date "2005.03.28"]
[Round "7"]
[White "Ledger,A"]
[Black "Cmilyte,V"]
[Result "0-1"]
[WhiteElo "2450"]
[BlackElo "2468"]

1.e4 c5 2.c3 Nf6 3.e5 Nd5 4.Nf3 Nc6 5.Bc4 Nb6 6.Bb3 c4 7.Bc2 Qc7 8.Qe2 g5
9.h3 Bg7 10.O-O Nxe5 11.Nxg5 h6 12.Nf3 Nxf3+ 13.Qxf3 d5 14.a4 a5 15.Na3 O-O
16.d4 cxd3 17.Qxd3 f5 18.Be3 e5 19.Bb3 Ra6 20.c4 e4 21.Qc2 Nxc4 22.Nxc4 Rc6
23.Bb6 Qf7 24.Nd6 Rxd6 25.Bxa5 Be6 26.Bb4 Rc6 27.Qd2 Rd8 28.Rfc1 Rxc1+ 29.Rxc1 f4
30.Ba5 Rd7 31.Rc8+ Kh7 32.Bc2 f3 33.g4 Qf6 34.Bc3 Qh4 35.Qf4 Qg5 36.Qb8 Bxc3
37.bxc3 Qg7 38.Re8 Bf7 39.Rd8 Rxd8 40.Qxd8 Qxc3 41.Qb6 Qxc2 42.Qf6 Qc1+ 43.Kh2 Qc7+  0-1

[Event "Open"]
[Site "Coventry ENG"]
[Date "2005.03.28"]
[Round "8"]
[White "Cherniaev,A1"]
[Black "Georgiev,Ki"]
[Result "0-1"]
[WhiteElo "2509"]
[BlackElo "2654"]

1.e4 c5 2.c3 Nf6 3.e5 Nd5 4.Nf3 Nc6 5.d4 cxd4 6.cxd4 d6 7.Bc4 e6 8.O-O Be7
9.Qe2 O-O 10.Qe4 Ndb4 11.exd6 Qxd6 12.Nc3 Na5 13.Bf4 Qd8 14.Be2 Bd7 15.Ne5 Bc6
16.Nxc6 Naxc6 17.Rad1 Nd5 18.Bc1 Bf6 19.Bf3 Nce7 20.Qe2 Rc8 21.Ne4 Nc6 22.Be3 Rc7
23.a3 Qe7 24.Nxf6+ Qxf6 25.Be4 Qh4 26.Bb1 Rd7 27.g3 Qh3 28.Be4 a6 29.Bc1 Rd6
30.Rd3 Nf6 31.Bg2 Qf5 32.Rfd1 Rfd8 33.Be3 h6 34.h3 Nd5 35.Kh2 Qf6 36.R3d2 R6d7
37.Be4 Nce7 38.Qg4 Rc8 39.Kg2 Rdc7 40.Re2 Rd7 41.Red2 Nf5 42.Qf3 Rcd8 43.Bxf5 exf5
44.Rc2 g5 45.Rdc1 Kg7 46.g4 fxg4 47.hxg4 Qe6 48.Rc5 b6 49.Rc6 Rd6 50.Rxd6 Rxd6
51.Re1 Qd7 52.Qg3 Re6 53.Bd2 Nf4+ 54.Kh2 Rxe1 55.Bxe1 f6 56.Qe3 Qc6 57.f3 Qc2+
58.Qd2 Qb3 59.Qc3 Qd1 60.Qe3 Kf7 61.Qe4 Qe2+ 62.Qxe2 Nxe2 63.Bf2 b5 64.d5 Nf4
65.d6 Ke6 66.Bd4  0-1

[Event "Tch-CRO U20"]
[Site "Sv. Filip i Jakov CRO"]
[Date "2005.03.29"]
[Round "1"]
[White "Plenkovic,B"]
[Black "Bosiocic,Mari"]
[Result "0-1"]
[WhiteElo "2122"]
[BlackElo "2365"]

1.e4 c5 2.c3 Nf6 3.e5 Nd5 4.d4 cxd4 5.Nf3 Nc6 6.Bc4 Nb6 7.Bb3 d5 8.exd6 Qxd6
9.cxd4 Be6 10.O-O Bxb3 11.Qxb3 e6 12.Rd1 Be7 13.Nc3 Rd8 14.Be3 Qb4 15.Qc2 O-O
16.a3 Qc4 17.b3 Qa6 18.Ne4 Nd5 19.b4 Qb6 20.Neg5 g6 21.Qe4 Qb5 22.Qh4 h5
23.Qg3 Bd6 24.Qh3 Rfe8 25.Ne4 Be7 26.Qg3 Nf6 27.Nc3 Qf5 28.Qc7 Rd7 29.Qf4 Qxf4
30.Bxf4 Red8 31.Be3 Nd5 32.Nxd5 Rxd5 33.Rdc1 Bf6 34.Kf1 g5 35.Rab1 g4 36.Ne5 Nxe5
37.dxe5 Bxe5 38.Ke2 b6 39.h3 f5 40.Bg5 R8d7 41.hxg4 hxg4 42.Rc8+ Kg7 43.Rbc1 f4
44.R1c2 Rd3 45.Rc1 Rxa3 46.R8c2 Kg6 47.Bh4 Rb3 48.Kf1 Rxb4 49.Re1 Rb5 50.Rc4 Rbd5
51.g3 Kf5 52.Kg2 f3+ 53.Kh2 Rd1 54.Ree4 R7d2 55.Rxe5+ Kxe5 56.Bf6+ Kd5  0-1

[Event "ch-RUS w 1st League"]
[Site "Samara RUS"]
[Date "2005.03.30"]
[Round "8"]
[White "Strelnikova,E"]
[Black "Yakovich,Yul"]
[Result "0-1"]
[WhiteElo "2124"]
[BlackElo "2083"]

1.e4 c5 2.c3 Nf6 3.e5 Nd5 4.d4 cxd4 5.Nf3 Nc6 6.cxd4 d6 7.Bc4 Nb6 8.Bxf7+ Kxf7
9.Ng5+ Ke8 10.e6 Qc7 11.Nc3 g6 12.Nb5 Qb8 13.d5 a6 14.Nc3 Ne5 15.f4 Nec4
16.Qd3 Bg7 17.Nxh7 Bxc3+ 18.bxc3 Rg8 19.f5 Ne5 20.Qd4 Nxd5 21.Qxd5 gxf5 22.Bf4 Rg7
23.Ng5 b5 24.Bxe5 Rxg5 25.Bf4 Bb7 26.Qd4 Rg8 27.Rg1 Qc8 28.g3 Qxe6+ 29.Kd2 Rc8
30.Rge1 Be4 31.a4 Qc4 32.Qxc4 bxc4 33.h4 Rb8 34.Ra2 Kf7 35.Bg5 e6 36.g4 Bb1
37.Ra1 Bd3 38.gxf5 Rb2+ 39.Ke3 Bxf5 40.Re2 Rgb8 41.Rd2 Rxd2 42.Kxd2 Rb2+
43.Ke3 e5 44.a5 Rc2 45.Ra3 Rh2 46.Kf3 d5 47.Kg3 Rh3+ 48.Kg2 d4 49.Bd2 Rxh4
50.cxd4 exd4 51.Ra4 Bd3 52.Kg3 Re4 53.Kf3 Re7 54.Bf4 Rd7  0-1

[Event "Spring Open"]
[Site "Belgrade SCG"]
[Date "2005.04.02"]
[Round "9"]
[White "Starcevic,G"]
[Black "Damjanovic,L"]
[Result "1-0"]
[WhiteElo "2184"]
[BlackElo "2092"]

1.e4 c5 2.c3 Nf6 3.Bd3 d6 4.Nf3 Nbd7 5.O-O g6 6.Bc2 Bg7 7.d4 O-O 8.e5 Ne8
9.e6 fxe6 10.Ng5 Nc7 11.dxc5 Nxc5 12.Nxh7 Kxh7 13.Qh5+ Kg8 14.Bxg6 Rf6 15.Qh7+ Kf8
16.Bh6 Rxg6 17.Qh8+ Kf7 18.Qxd8 Bd7 19.Qxc7 Bxh6 20.b4 Rag8 21.g3 Bc6 22.bxc5 Bf4
23.Na3 Rh8 24.Nc4 Rgh6 25.cxd6 Rxh2 26.Qxc6 bxc6 27.gxf4 exd6 28.Nxd6+ Kg6
29.Ne4 Kf5 30.Ng3+ Kg4 31.Rfe1 Kf3 32.Re3+ Kxf4 33.Rae1 Kg4 34.Re4+ Kh3 35.R1e3 Rg2+
36.Kf1 Kh2 37.Ke2 Kg1 38.Rf4 Rb8 39.Ne4 Rb2+ 40.Kd3 Rb1 41.Rg3 Rb2 42.Rxg2+ Kxg2
43.a4  1-0

[Event "It D"]
[Site "Dos Hermanas ESP"]
[Date "2005.04.02"]
[Round "2"]
[White "Gallardo Fernandez,C"]
[Black "Romero Garcia,Mar"]
[Result "1/2-1/2"]
[WhiteElo "2162"]
[BlackElo "2171"]

1.e4 c5 2.c3 Nf6 3.e5 Nd5 4.d4 cxd4 5.Nf3 Nc6 6.Bc4 Nb6 7.Bb3 d5 8.exd6 Qxd6
9.O-O Be6 10.Bxe6 Qxe6 11.Nxd4 Nxd4 12.Qxd4 Rd8 13.Qh4 Qe2 14.f3 e6 15.Qf2 Qxf2+
16.Kxf2 Bc5+ 17.Ke2 O-O 18.Nd2 Rd5 19.Ne4 Be7 20.Bf4 f5 21.Nd2 e5 22.Be3 Rfd8
23.Rfd1 Na4  1/2-1/2

[Event "3rd ch-GER Internet Blitz Candidates"]
[Site "playchess INT"]
[Date "2005.04.02"]
[Round "10"]
[White "Zumsande,M"]
[Black "Feuerstack,A"]
[Result "1-0"]
[WhiteElo "2381"]
[BlackElo "2224"]

1.e4 c5 2.c3 Nf6 3.e5 Nd5 4.d4 cxd4 5.Nf3 d6 6.cxd4 Nc6 7.Bc4 dxe5 8.dxe5 Ndb4
9.Qe2 e6 10.O-O Be7 11.Nc3 O-O 12.a3 Na6 13.Bf4 Nc5 14.Rad1 Qc7 15.b4 Nd7
16.Qe4 a6 17.Bd3 g6 18.Rc1 Nb6 19.Rfe1 Bd7 20.Bg5 Rfc8 21.Qh4 Qd8 22.Ne4 h5
23.Nf6+ Bxf6 24.Bxf6 Qf8 25.Qg5 Be8 26.g4 Rd8 27.Bb1 Nd5 28.Bxd8 hxg4 29.Bf6 g3
30.hxg3 Nxf6 31.exf6 e5 32.Kg2 Nd4 33.Nxd4 exd4 34.Be4 Bb5 35.Rh1 Qd6 36.Rh8+  1-0

[Event "3rd ch-GER Internet Blitz GpD"]
[Site "playchess INT"]
[Date "2005.04.03"]
[Round "1.3"]
[White "Berelovich,A"]
[Black "Rodewis,T"]
[Result "1-0"]
[WhiteElo "2542"]
[BlackElo "2364"]

1.e4 c5 2.c3 Nf6 3.e5 Nd5 4.d4 cxd4 5.cxd4 d6 6.Nf3 Nc6 7.Bc4 Nb6 8.Bb5 dxe5
9.Nxe5 Bd7 10.Bxc6 Bxc6 11.Nxc6 bxc6 12.Be3 e6 13.O-O Be7 14.Nd2 O-O 15.Rc1 Qd5
16.b3 Rfd8 17.Qc2 Rac8 18.Nf3 Nd7 19.Qc4 Qxc4 20.Rxc4 c5 21.dxc5 a6 22.Rfc1 Rc6
23.Kf1 e5 24.Rd1 f6 25.b4 Kf7 26.Ke2 Ke8 27.Nd2 Rb8 28.Nb3 Rcc8 29.a3 Nf8
30.f4 Ne6 31.fxe5 fxe5 32.Re4 Bf6 33.Na5 Rc7 34.Nc4 Kf7 35.Nxe5+ Bxe5 36.Rxe5 a5
37.Rf1+ Ke7 38.Bg5+ Kd7 39.Rd1+ Nd4+ 40.Rxd4+ Kc6 41.Re6+ Kb5 42.Bf4 Rc6
43.a4+  1-0

[Event "FSGM April"]
[Site "Budapest HUN"]
[Date "2005.04.04"]
[Round "3"]
[White "Blauert,J"]
[Black "Farago,I"]
[Result "1/2-1/2"]
[WhiteElo "2354"]
[BlackElo "2461"]

1.e4 c5 2.c3 Nf6 3.e5 Nd5 4.d4 cxd4 5.Nf3 e6 6.cxd4 d6 7.Bc4 Nb6 8.Bb3 dxe5
9.Nxe5 Nc6 10.Nxc6 bxc6 11.O-O Bd6 12.Nc3 O-O 13.Qh5 Ba6 14.Rd1 Bc4 15.Bxc4 Nxc4
16.Rd3 g6 17.Qh6 f5 18.b3 Nb6 19.Bg5 Qd7 20.Bf4 Rae8 21.Bxd6 Qxd6 22.Qd2 Nd5
23.Nxd5 exd5 24.Re1 Re4 25.f3 Rxe1+ 26.Qxe1 c5 27.Qc3 Rc8 28.dxc5 Rxc5 29.Qd4 Rc1+
30.Kf2 Rc2+ 31.Kg1 Rc1+ 32.Kf2 Rc2+  1/2-1/2

[Event "7th UI&UL GM"]
[Site "Dhaka BAN"]
[Date "2005.04.05"]
[Round "1"]
[White "Hossain,Enam"]
[Black "Abu Sufian,S"]
[Result "1/2-1/2"]
[WhiteElo "2453"]
[BlackElo "2233"]

1.e4 c5 2.c3 Nf6 3.e5 Nd5 4.Nf3 Nc6 5.d4 cxd4 6.cxd4 d6 7.Bc4 Nb6 8.Bb3 dxe5
9.d5 Na5 10.Nc3 Nxb3 11.Qxb3 e6 12.Nxe5 Nxd5 13.Qb5+ Bd7 14.Qxb7 Bb4 15.Nxd7 Qc8
16.Nc5 Qxb7 17.Nxb7 Rb8 18.Nd6+ Bxd6 19.Nxd5 exd5 20.O-O O-O 21.Rd1 Rfd8
22.Rb1 Be5 23.Kf1 Rbc8 24.Bd2 f5 25.Ba5 Rd7 26.Rd2 Kf7 27.Rbd1 d4 28.g3 Rb7
29.Ke2 Rb5 30.b4 Rb7 31.Rd3 Ke6 32.Rb3 a6 33.Kd3 Kd5 34.a4 Rc4 35.Re1 Bd6
36.Re8 Rc1 37.b5 Ra1 38.Rd8 Ke6 39.Ra8 Rxa4 40.Rxa6 Kd5 41.Bb6 Rc4 42.Ba7 Rc3+
43.Rxc3 dxc3 44.b6 Bc5 45.f3 Re7 46.Ra5 Rb7 47.Kxc3 g6 48.Rb5 h5 49.Rb1 Re7
50.Rb5 Rb7 51.Kd3 Kc6 52.Kc4 Bg1 53.Re5 Kd6 54.Rd5+ Kc6 55.Re5 Kd6 56.Rd5+ Kc6
57.g4 hxg4 58.fxg4 Bxb6 59.Bxb6 Rxb6 60.gxf5 gxf5 61.Rxf5 Rb2 62.h4 Kd6 63.Ra5 Ke6
64.h5 Kf6 65.Kd4 Re2 66.Kd3 Re5 67.Rxe5 Kxe5  1/2-1/2

[Event "It D"]
[Site "Dos Hermanas ESP"]
[Date "2005.04.07"]
[Round "7"]
[White "Gallardo Fernandez,C"]
[Black "Diaz Castro,S"]
[Result "1/2-1/2"]
[WhiteElo "2162"]
[BlackElo "2252"]

1.e4 c5 2.c3 Nf6 3.e5 Nd5 4.d4 cxd4 5.Nf3 Nc6 6.Bc4 Nb6 7.Bb3 g6 8.O-O Bg7
9.cxd4 O-O 10.Qe2 d6 11.h3 Bf5 12.Rd1 Na5 13.Bc2 Bxc2 14.Qxc2 d5 15.Bg5 f6
16.Bf4 Nc6 17.Qe2 fxe5 18.Bxe5 Nxe5 19.Nxe5 Rf5 20.Nf3 Nc4 21.Nc3 Qd7 22.Re1 e5
23.dxe5 Nxe5 24.Nd4 Rf4 25.Rad1 Raf8 26.Nb3 d4 27.Ne4 d3 28.Qe3 b6 29.Nc1 Rxe4
30.Qxe4 d2 31.Re2 dxc1=Q 32.Rxc1 Kh8 33.b3  1/2-1/2

[Event "7th UI&UL GM"]
[Site "Dhaka BAN"]
[Date "2005.04.09"]
[Round "6"]
[White "Abu Sufian,S"]
[Black "Hasan,Me"]
[Result "0-1"]
[WhiteElo "2233"]
[BlackElo "2322"]

1.e4 c5 2.c3 Nf6 3.e5 Nd5 4.Nf3 Nc6 5.d4 cxd4 6.cxd4 d6 7.Bc4 e6 8.O-O Be7
9.Qe2 O-O 10.Rd1 Bd7 11.Qe4 Rc8 12.Bd3 f5 13.exf6 Nxf6 14.Qe2 Nb4 15.Nc3 Nxd3
16.Qxd3 Qa5 17.Qe2 Qh5 18.h3 Nd5 19.Nxd5 Qxd5 20.Re1 Bf6 21.Be3 Bc6 22.Red1 Qh5
23.Rd2 Bxf3 24.Qxf3 Qxf3 25.gxf3 d5 26.b3 Be7 27.Kg2 Ba3 28.Re2 Rc6 29.Rd1 Rfc8
30.Bf4 Kf7 31.Be5 Bb4 32.f4 g6 33.Rd3 Rc1 34.Rde3 Ra1 35.Rg3 Rcc1 36.Bb8 a6
37.Kf3 Rd1 38.Be5 Rac1 39.Kg2 h5 40.a4 Rh1 41.f5 Rhg1+ 42.Kh2 Rh1+ 43.Kg2 exf5
44.Bf4 Rhg1+ 45.Kf3 Rxg3+ 46.fxg3 Re1 47.Rc2 Re7 48.Rc8 Rd7 49.Be5 Bf8 50.Kf4 Bh6+
51.Kf3 g5 52.Rh8 g4+ 53.hxg4 hxg4+ 54.Ke2 Bg7 55.Bxg7 Kxg7 56.Rb8 Re7+ 57.Kd3 f4
58.gxf4 g3 59.Rc8 g2 60.Rc1 Kf6 61.b4 Kf5 62.Rg1 Rg7 63.b5 Kxf4 64.bxa6 bxa6  0-1

[Event "1st ch-SCG"]
[Site "Kopaonik SCG"]
[Date "2005.04.12"]
[Round "10"]
[White "Markovic,Miros"]
[Black "Vuckovic,Bo"]
[Result "0-1"]
[WhiteElo "2509"]
[BlackElo "2529"]

1.e4 c5 2.c3 Nf6 3.e5 Nd5 4.Nf3 Nc6 5.d4 cxd4 6.Bc4 Nb6 7.Bb3 d5 8.exd6 Qxd6
9.Na3 dxc3 10.Qe2 Bf5 11.Nb5 Qd7 12.Ne5 Nxe5 13.Qxe5 Rc8 14.O-O Nc4 15.Bxc4 Rxc4
16.b3 Rc8 17.Re1 e6 18.Nxa7 Rc5 19.Qb8+ Qd8 20.Qxb7 Qd5 21.Qb6 Qd8 22.Qa6 Bd3
23.Qa4+ Qd7 24.Qg4 Qxa7 25.Be3 Qd7 26.Bxc5 Bxc5 27.b4 Ba7 28.Qxg7 Bd4 29.Qg3 c2
30.Rac1 Bb2 31.Rcd1 cxd1=Q 32.Rxd1 Qb5 33.Rxd3 Be5 34.Qe3 Qxb4 35.Rb3 Qd6
36.Rd3 Qb4 37.Rb3 Qd6 38.Rd3 Qc7 39.Qg5 h6 40.Qg4 Bxh2+ 41.Kh1 Bf4 42.g3 Be5
43.Qa4+ Kf8 44.Qb4+ Kg7 45.Qg4+ Kh7 46.Qe4+ f5 47.Qa4 Rd8 48.Re3 Bd4 49.Rxe6 Bxf2
50.Qa3 Qxg3  0-1

[Event "ch-RUS u18"]
[Site "Nojabrsk RUS"]
[Date "2005.04.12"]
[Round "7"]
[White "Nechepurenko,R"]
[Black "Vitiugov,N"]
[Result "0-1"]
[WhiteElo "2402"]
[BlackElo "2482"]

1.e4 c5 2.c3 Nf6 3.e5 Nd5 4.Nf3 Nc6 5.d4 cxd4 6.cxd4 d6 7.exd6 e6 8.Nc3 Qxd6
9.Bd3 Be7 10.O-O O-O 11.Ne4 Qd8 12.a3 b6 13.Qe2 Bb7 14.Rd1 Rc8 15.Neg5 Nf6
16.Bf4 g6 17.Bc4 Nh5 18.Be3 Na5 19.Bd3 Nb3 20.Rab1 Qc7 21.Be4 Nf6 22.Bf4 Qxf4
23.Bxb7 Rc7 24.Ba6 Nd5 25.Ne4 Qf5 26.Ng3 Qc2 27.Bd3 Qxe2 28.Nxe2 Bf6 29.g3 Rd8
30.Be4 Bg7 31.Rd3 Nf6 32.Rxb3 Nxe4 33.Re3 Nd6  0-1

[Event "ch-RUS u18"]
[Site "Nojabrsk RUS"]
[Date "2005.04.13"]
[Round "8"]
[White "Lavrov,Ma1"]
[Black "Pogromsky,M"]
[Result "1-0"]
[WhiteElo "2344"]
[BlackElo "2291"]

1.e4 c5 2.c3 Nf6 3.e5 Nd5 4.Nf3 e6 5.d4 cxd4 6.cxd4 d6 7.Nc3 Nxc3 8.bxc3 Qc7
9.Bd2 Nd7 10.Bd3 dxe5 11.O-O Bd6 12.Re1 exd4 13.Nxd4 Bxh2+ 14.Kh1 Be5 15.Qh5 g6
16.Qh6 Nc5 17.Bf1 Bd7 18.Nb5 Bxb5 19.Bxb5+ Nd7 20.Bg5 a6 21.Bxd7+ Kxd7 22.Rad1+ Ke8
23.Rd3 Rg8 24.Ree3 Bg7 25.Qh3 Kf8 26.Rf3 h6 27.Qxe6 Rh8 28.Be7+ Kg8 29.Rxf7 Qc6
30.Rxg7+  1-0

[Event "GMB"]
[Site "Gausdal NOR"]
[Date "2005.04.14"]
[Round "2"]
[White "Michalczak,T"]
[Black "Barkhagen,J"]
[Result "1/2-1/2"]
[WhiteElo "2369"]
[BlackElo "2461"]

1.e4 c5 2.c3 Nf6 3.e5 Nd5 4.Nf3 Nc6 5.d4 cxd4 6.cxd4 d6 7.Bc4 Nb6 8.Bb5 d5
9.h3 Bf5 10.Nh4 Bxb1 11.Rxb1 e6 12.Nf3 Be7 13.O-O O-O 14.Bd2 Nc4 15.Qe2 Nxd2
16.Qxd2 Qb6 17.Be2 Rfc8 18.Rfc1 Rc7 19.Rc2 Rac8 20.Rbc1 a6 21.Kf1 Nb4 22.Rxc7 Rxc7
23.Rxc7 Qxc7 24.a3 Nc6 25.Bd3 Qb6 26.b4 g6 27.Qf4 Na7 28.Qc1 Kg7 29.h4 Qc6
30.Qxc6 Nxc6 31.Ke2 f6 32.exf6+ Kxf6 33.Ke3 e5  1/2-1/2

[Event "3 Arrows Cup"]
[Site "Jinan CHN"]
[Date "2005.04.15"]
[Round "4"]
[White "Schneider,Ve"]
[Black "Nebolsina,V"]
[Result "0-1"]
[WhiteElo "2241"]
[BlackElo "2302"]

1.e4 c5 2.c3 Nf6 3.e5 Nd5 4.Nf3 Nc6 5.d4 cxd4 6.cxd4 d6 7.Bc4 Nb6 8.Bb5 Bd7
9.exd6 e6 10.Nc3 Bxd6 11.O-O Nb4 12.Ne5 Bxb5 13.Nxb5 O-O 14.Nxd6 Qxd6 15.Qg4 Kh8
16.Be3 N6d5 17.Qg3 Rad8 18.Nc4 Qxg3 19.hxg3 b5 20.Na3 a6 21.Rfd1 Rc8 22.Kf1 Nxe3+
23.fxe3 Nd5 24.Ke2 b4 25.Nb1 Rc2+ 26.Rd2 Rfc8 27.Kd3 Rc1 28.e4 Nb6 29.b3 Rg1
30.Rb2 Rcc1 31.Ke3 h5 32.Kf2 Rcf1+ 33.Ke3 Re1+ 34.Kd3 Kh7 35.Kd2 Rxe4 36.a3 Ree1
37.axb4 Nd5 38.Kc2 Rxg2+  0-1

[Event "Heroes of Chernobyl Mem"]
[Site "Slavutich UKR"]
[Date "2005.04.16"]
[Round "3"]
[White "Kislinsky,A"]
[Black "Ivanov,Sergei"]
[Result "1-0"]
[WhiteElo "2410"]
[BlackElo "2354"]

1.e4 c5 2.c3 Nf6 3.e5 Nd5 4.d4 cxd4 5.Nf3 Nc6 6.Bc4 Nb6 7.Bb3 d6 8.exd6 Qxd6
9.O-O Be6 10.Na3 dxc3 11.Qe2 O-O-O 12.Nb5 Qd3 13.Bxe6+ fxe6 14.Qxe6+ Qd7
15.Nxa7+ Nxa7 16.Qxb6 Nc6 17.Ng5 Qd4 18.Qb5 Rd5 19.Qe2 Qe5 20.Be3 cxb2 21.Rab1 Qf6
22.Rxb2 e6 23.Rfb1 Na5 24.Rc1+ Kb8 25.Nxe6 Re5 26.Qa6 Rxe3 27.Qxa5  1-0

[Event "Extraliga CZE 2004-5"]
[Site "Czech Rep CZE"]
[Date "2005.04.17"]
[Round "11"]
[White "Buchnicek,P"]
[Black "Banas,J"]
[Result "1-0"]
[WhiteElo "2322"]
[BlackElo "2337"]

1.e4 c5 2.c3 Nf6 3.e5 Nd5 4.d4 cxd4 5.cxd4 d6 6.Nf3 e6 7.a3 Bd7 8.Bd3 Bc6
9.O-O Nd7 10.Re1 Be7 11.b4 a6 12.Nbd2 Nf4 13.Be4 dxe5 14.dxe5 O-O 15.Nc4 Ng6
16.Bb2 Qc7 17.Rc1 Rfd8 18.Qb3 Bxe4 19.Rxe4 Qc6 20.Qe3 Qa4 21.h4 Rac8 22.h5 Ngf8
23.h6 g6 24.Nd6 Rxc1+ 25.Qxc1 Nf6 26.Rd4 Bxd6 27.Rxd6 Rxd6 28.exd6 N6d7 29.Ne5 f6
30.Ng4 Kf7 31.Bxf6 Nxf6 32.Nxf6 Qc6 33.Qf4 e5 34.Qxe5 Qc1+ 35.Kh2 Qxh6+ 36.Kg3 Ne6
37.Ne4 g5 38.Qf5+ Kg7 39.Qe5+ Kf7 40.d7 Qh4+ 41.Kf3 Qf4+ 42.Qxf4+ gxf4 43.Nc5 Nd8
44.Kxf4 Ke7 45.Kg5 Nf7+ 46.Kf4 Nd8 47.Ke5 a5 48.bxa5 Nc6+ 49.Kd5 Nxa5 50.Ne6 Kxd7
51.Nf8+ Ke7 52.Nxh7 Nb3 53.Ng5 Nd2 54.Ne4 Nb1 55.a4 Na3 56.g4 b5 57.a5 b4
58.Nd2 Kd7 59.Kc5 Nc2 60.a6 Kc7 61.g5 Ne1 62.a7 Kb7 63.g6 Nd3+ 64.Kd6  1-0

[Event "TCh-HUN w"]
[Site "Budapest HUN"]
[Date "2005.04.20"]
[Round "2"]
[White "Revesz,K"]
[Black "Domany,Z"]
[Result "1-0"]
[WhiteElo "1948"]
[BlackElo "2056"]

1.e4 c5 2.c3 Nf6 3.e5 Nd5 4.Bc4 e6 5.d4 cxd4 6.cxd4 d6 7.Nf3 Nc6 8.O-O Be7
9.a3 Qc7 10.Qe2 O-O 11.Bd3 Rd8 12.Qe4 g6 13.h4 f5 14.exf6 Nxf6 15.Qe2 Bf8
16.Bg5 Qf7 17.Nc3 Bg7 18.Qd2 Rf8 19.Ne4 Nxe4 20.Bxe4 d5 21.Bc2 Bd7 22.Bh6 Rac8
23.Rac1 Rc7 24.h5 Bxh6 25.Qxh6 Qg7 26.Qxg7+ Kxg7 27.hxg6 hxg6 28.Ba4 Rfc8
29.Bxc6 Bxc6 30.Rfe1 Kf6 31.Ne5 Bb5 32.Rxc7 Rxc7 33.Re3 Rc1+ 34.Kh2 Rc2 35.Rf3+ Kg5
36.Nf7+ Kh5 37.Kh3 Bf1 38.Rg3  1-0

[Event "3rd V Nabokov Mem"]
[Site "Kiev UKR"]
[Date "2005.04.22"]
[Round "4"]
[White "Goreskul,A"]
[Black "Stopkin,V"]
[Result "1/2-1/2"]
[WhiteElo "2323"]
[BlackElo "2337"]

1.e4 c5 2.c3 Nf6 3.e5 Nd5 4.g3 d6 5.exd6 Qxd6 6.Bg2 Nc6 7.Ne2 Bf5 8.d4 e6
9.O-O Bg4 10.dxc5 Qxc5 11.h3 Bh5 12.g4 Bg6 13.Nf4 Nxf4 14.Bxf4 Qb6 15.Qb3 Bc5
16.Qxb6 Bxb6 17.Nd2 Bd3 18.Rfe1 O-O-O 19.Ne4 e5 20.Bc1 f6 21.Ng3 Rhe8 22.Be3 Bg6
23.Bxb6 axb6 24.Rad1 Ne7 25.h4 Bf7 26.b3 Be6 27.Bf3 Ng6 28.h5 Nf4 29.Ne4 Bd5
30.c4 Bc6 31.Kh2 Nd3 32.Re2 Nc5 33.Rde1 Rd4 34.Bh1 Kc7 35.Nxc5 bxc5 36.Be4 Red8
37.Bxc6 Kxc6 38.Kg3 h6 39.Re3 Rd2 40.R1e2 Rxe2 41.Rxe2 Rd4 42.Kf3 Kd6 43.Re4 Rd1
44.Re2 Rd4 45.Re4  1/2-1/2

[Event "TCh-HUN w"]
[Site "Budapest HUN"]
[Date "2005.04.23"]
[Round "5"]
[White "Vajda,S"]
[Black "Medvegy,N"]
[Result "1/2-1/2"]
[WhiteElo "2391"]
[BlackElo "2388"]

1.e4 c5 2.c3 Nf6 3.e5 Nd5 4.d4 cxd4 5.Nf3 e6 6.cxd4 b6 7.Nc3 Nxc3 8.bxc3 Qc7
9.Bd2 Be7 10.Bd3 Ba6 11.c4 Bxc4 12.Rc1 b5 13.Bxc4 bxc4 14.Qa4 Qc6  1/2-1/2

[Event "ch-UKR u20"]
[Site "Lviv UKR"]
[Date "2005.04.24"]
[Round "6"]
[White "Jakymov,V"]
[Black "Kuzubov,Y"]
[Result "0-1"]
[WhiteElo "2339"]
[BlackElo "2558"]

1.e4 c5 2.c3 Nf6 3.e5 Nd5 4.d4 cxd4 5.Nf3 Nc6 6.Bc4 Nb6 7.Bb3 d5 8.exd6 Qxd6
9.Na3 a6 10.O-O e6 11.Qe2 Be7 12.Rd1 O-O 13.Nxd4 Nxd4 14.Rxd4 Qc6 15.Bc2 e5
16.Rd1 Re8 17.Be4 Qc7 18.Be3 Be6 19.Qf3 Rab8 20.Nc2 Nc4 21.Rdb1 Red8 22.a4 Bc5
23.b3 Nd2 24.Bxd2 Rxd2 25.Ne3 Bxe3 26.Qxe3 Rbd8 27.c4 R8d4 28.Bf3 Qd6 29.Qe1 b6
30.Rd1 Rxd1 31.Rxd1 a5 32.Rc1 Qc5 33.Bd5 Rd3 34.Bxe6 fxe6 35.Rd1 Qd4 36.Rb1 e4
37.h3 e5 38.Kh1 Rd2 39.Kg1 Qd3 40.Rc1 Re2 41.Qc3 Qd4 42.Qg3 e3 43.fxe3 Rxe3
44.Qf2 Rxb3 45.Qxd4 exd4 46.Rd1 d3 47.Kf2 Rc3 48.Ke3 Rxc4 49.Ra1 Rc2 50.Kxd3 Rxg2
51.Rb1 Ra2 52.Rxb6 Rxa4 53.Rb3 Rf4 54.Ke3 Rf5 55.Ke4 g6 56.Rb7 a4 57.Ra7 Rh5
58.Kf4 Rxh3 59.Kg5 Rh5+ 60.Kf6 Rf5+ 61.Ke6 h5 62.Rxa4 Kg7  0-1

[Event "2nd Open"]
[Site "Porto Carras GRE"]
[Date "2005.04.24"]
[Round "3"]
[White "Skiadopoulos,N"]
[Black "Pavlidou,E"]
[Result "1-0"]
[WhiteElo "2230"]
[BlackElo "1903"]

1.e4 c5 2.c3 Nf6 3.e5 Nd5 4.d4 cxd4 5.Nf3 e6 6.Bc4 d6 7.O-O dxe5 8.Nxe5 Bd6
9.cxd4 O-O 10.Bxd5 exd5 11.Nc3 Be6 12.Nb5 Be7 13.Bf4 a6 14.Nc3 Nd7 15.Qb3 b5
16.Nc6 Qe8 17.Nxe7+ Qxe7 18.Nxd5 Qh4 19.g3 Qh5 20.Ne7+ Kh8 21.d5 Bh3 22.Qd1 Bg4
23.f3 Bh3 24.g4 Qh4 25.Re1 Qf6 26.Qd2 h6 27.Nf5 Rfe8 28.Qd4 h5 29.Qxf6 Nxf6
30.Be5 hxg4 31.f4 g3 32.Nd6 Rf8 33.hxg3 Nxd5 34.Rad1 Nb4 35.Bc3 Nxa2 36.Ba5 b4
37.Rd4 b3 38.f5 g5 39.g4 Kg7 40.Re3 Rh8 41.Rxb3 Nc1 42.Re3 Rh4 43.Rd1 Na2
44.Ra1 Rxg4+ 45.Kh2 Bg2 46.Ne8+ Kh6 47.Rxa2 Bd5 48.Rh3+ Rh4 49.Rxh4+ gxh4
50.Bd2+ Kh7 51.Nf6+ Kg7 52.Nxd5 Rd8 53.Ra5 Rd6 54.Kh3  1-0

[Event "Ok - Tex Match"]
[Site "Norman USA"]
[Date "2005.04.30"]
[Round "1"]
[White "Galant,S"]
[Black "Chua,A"]
[Result "0-1"]
[WhiteElo "2211"]
[BlackElo "2213"]

1.e4 c5 2.c3 Nf6 3.e5 Nd5 4.d4 cxd4 5.Nf3 d6 6.exd6 e6 7.Qxd4 Nc6 8.Bb5 Bd7
9.Qg4 h5 10.Qg3 Qb6 11.Bc4 O-O-O 12.O-O f6 13.b4 g5 14.a4 h4 15.a5 hxg3 16.axb6 gxh2+
17.Nxh2 Nxb6 18.Be2 Bxd6 19.g3 Kb8 20.b5 Ne5 21.Be3 Rc8 22.Nd2 f5 23.Bxg5 Rxc3
24.Rad1 Nd5 25.Ndf3 Rc5 26.Nd4 Nc3 27.Rde1 Rd5 28.Rc1 Nxe2+ 29.Nxe2 Bxb5
30.Nc3 Bxf1 31.Nxd5 exd5 32.Bf6 Rxh2 33.Bxe5 Bxe5 34.Kxh2 Bb5 35.Re1 Bc3
36.Re6 d4 37.Re5 Bd7 38.f4 Kc7 39.Kg2 a5 40.g4 fxg4 41.f5 Kd6  0-1

[Event "23rd Liechtenstein Open"]
[Site "Triesen LIE"]
[Date "2005.04.30"]
[Round "2"]
[White "Buergi,O"]
[Black "Kohlweyer,B"]
[Result "1-0"]
[WhiteElo "2174"]
[BlackElo "2429"]

1.e4 c5 2.c3 Nf6 3.e5 Nd5 4.d4 cxd4 5.cxd4 d6 6.Nf3 e6 7.Bc4 Nc6 8.O-O Be7
9.Qe2 O-O 10.Qe4 Bd7 11.Qg4 Kh8 12.Nc3 dxe5 13.dxe5 Nxc3 14.bxc3 Qa5 15.Re1 Qa4
16.Re4 Qd1+ 17.Re1 Qa4 18.Re4 Qd1+ 19.Re1 Qc2 20.Bg5 Bxg5 21.Nxg5 h6 22.Rad1 Rad8
23.Bd3 Qxc3 24.Qe4 g6 25.Nf3 Bc8 26.h4 Qb4 27.Qe3 Kg7 28.h5 Qg4 29.hxg6 fxg6
30.Be2 Rxd1 31.Rxd1 Qf4 32.Qc3 g5 33.g3 Qe4 34.Rd2 g4 35.Nh4 h5 36.Bf1 Qxe5
37.Qc2 Qf6 38.Bg2 Ne5 39.Qc5 a6 40.Re2 Nf3+ 41.Bxf3 gxf3 42.Re5 Bd7 43.Rg5+ Kf7
44.Ng6  1-0

[Event "Open A"]
[Site "Djakovo CRO"]
[Date "2005.05.02"]
[Round "2"]
[White "Stevic,H"]
[Black "Kozul,Z"]
[Result "0-1"]
[WhiteElo "2514"]
[BlackElo "2591"]

1.e4 c5 2.c3 Nf6 3.e5 Nd5 4.d4 cxd4 5.Nf3 Nc6 6.cxd4 d6 7.Bc4 e6 8.O-O Be7
9.Qe2 O-O 10.Rd1 a6 11.Nc3 Nxc3 12.bxc3 dxe5 13.dxe5 Qc7 14.Bd3 g6 15.h4 Bd7
16.h5 Rfd8 17.Bf4 Be8 18.Nd2 Bf8 19.Bg3 Bg7 20.f4 Ne7 21.hxg6 hxg6 22.Ne4 Bc6
23.Bh4 Bxe4 24.Bxe4 Rxd1+ 25.Rxd1 Bf8 26.Qf3 Rb8 27.Bf2 b5 28.g4 Rd8 29.Rxd8 Qxd8
30.f5 exf5 31.gxf5 gxf5 32.Bxf5 Nxf5 33.Qxf5 Qd1+ 34.Kh2 Qe2 35.Kg2 Qc4 36.Qf3 Qe6
37.Qe2 f6 38.Bg3 Bg7 39.Qd2 fxe5 40.Qd8+ Kf7 41.a3 Qc6+ 42.Kh2 e4 43.Be1 Be5+
44.Kg2 Qg6+ 45.Kh3 Qf5+ 46.Kg2 Qg4+ 47.Kf1 Qh3+ 48.Kg1 Bh2+  0-1

[Event "IM"]
[Site "Ostrava CZE"]
[Date "2005.05.05"]
[Round "6"]
[White "Ganaus,H"]
[Black "Michenka,J"]
[Result "0-1"]
[WhiteElo "2308"]
[BlackElo "2348"]

1.e4 c5 2.c3 Nf6 3.e5 Nd5 4.d4 cxd4 5.cxd4 d6 6.Nf3 Nc6 7.Bc4 Nb6 8.Bb5 dxe5
9.Nxe5 Bd7 10.Nxd7 Qxd7 11.Nc3 Rd8 12.O-O g6 13.Qf3 a6 14.Bxc6 Qxc6 15.Qxc6+ bxc6
16.Bf4 Nd5 17.Be5 f6 18.Bg3 Nb4 19.Rad1 Bh6 20.a3 Nc2 21.d5 cxd5 22.Nxd5 Kf7
23.Bc7 Rd7 24.Ba5 Rb8 25.Nb6 Rd4 26.g3 e5 27.Kg2 Ke6 28.Rxd4 Nxd4 29.Na4 Nb3
30.Bb4 a5 31.Bc3 Rd8 32.Nb6 Rd6 33.Nc4 Rc6 34.Ne3 Bxe3 35.fxe3 f5 36.Kf3 Rd6
37.g4 Nd2+ 38.Bxd2 Rxd2 39.gxf5+ gxf5 40.b4 axb4 41.axb4 Rb2 42.Ra1 Rxb4
43.Ra6+ Kf7 44.Ra7+ Kg6 45.Re7 Re4 46.Re6+ Kf7 47.Rh6 Kg7 48.Re6 h5 49.Re8 Kf7
50.Rh8 h4 51.h3 Ra4 52.Rh5 Kg6 53.Rh8 Ra3 54.Kf2 Ra2+ 55.Kf1 Kg5 56.Rg8+ Kf6
57.Rh8 Ra4 58.Kf2 Ke6 59.Kf3 Ra3 60.Kf2 Ra2+ 61.Kf1 Ra4 62.Kf2 Kd5 63.Kf3 Ra3
64.Rd8+ Ke6 65.Re8+ Kd6 66.Kf2 Ra2+ 67.Ke1 Rh2 68.Rf8 Ke6 69.Re8+ Kd5  0-1